00342nam a2200145Ia 4500008004100000020001500041041001200056082001600068100002000084245003500104250000800139260002500147300000800172650001600180221030s9999 xx 000 0 und d a8120312546 aEnglish a105.23bCha aP. P. Chaudhuri 0aComputer Organization & Design a2nd bPHIaNew Delhic1999 a959 aBE Computer